[Event "ch-AUT"]
[Site "Linz AUT"]
[Date "2011.07.24"]
[Round "2"]
[White "Schweitzer,W"]
[Black "Titz,Hei"]
[Result "0-1"]
[WhiteElo "2056"]
[BlackElo "2161"]

1.e4 c5 2.Nf3 Nc6 3.Bb5 e6 4.O-O Nge7 5.Re1 a6 6.Bf1 d5 7.exd5 Qxd5 8.Nc3 Qd8
9.d3 Nf5 10.Bg5 Be7 11.Bxe7 Qxe7 12.Nd5 Qd8 13.Ne3 Nxe3 14.Rxe3 O-O 15.a4 b6
16.g3 Bb7 17.Bg2 Qc7 18.Ng5 h6 19.Nf3 Rfd8 20.Qe2 Ne7 21.Qe1 Nf5 22.Re5 Rac8
23.Re2 Bxf3 24.Bxf3 Nd4 25.Bg2 Nxe2+ 26.Qxe2 Rd6 27.b3 Rcd8 28.Re1 a5 29.Qe5 Qe7
30.f4 Qf6 31.Qe2 g6 32.Kh1 Kg7 33.Rf1 R8d7 34.Re1 Rd4 35.Rf1 g5 36.Be4 Qe7
37.f5 exf5 38.Rxf5 R4d6 39.Qh5 f6 40.Rf1 Qf7 41.Qf3 Re7 42.Qf5 Kf8 43.Rf2 Re5
44.Qc8+ Kg7 45.Qh3 Qe6 46.g4 Rxe4 47.Qg2  0-1

[Event "2nd ch-Vojvodina"]
[Site "Novi Sad SRB"]
[Date "2011.07.24"]
[Round "1.6"]
[White "Radlovacki,J"]
[Black "Bjeloglav,M"]
[Result "1-0"]
[WhiteElo "2416"]
[BlackElo "1998"]

1.e4 c5 2.Nf3 Nc6 3.Bb5 e6 4.O-O Nge7 5.c3 a6 6.Ba4 b5 7.Bc2 d5 8.e5 d4 9.Be4 Rb8
10.d3 Bb7 11.Bf4 Nd5 12.Bg3 dxc3 13.bxc3 Be7 14.Re1 O-O 15.a3 Qd7 16.Qc2 h6
17.Ra2 b4 18.axb4 Ncxb4 19.cxb4 Nxb4 20.Qe2 Bxe4 21.dxe4 Nxa2 22.Qxa2 Qd3
23.Nbd2 Rb4 24.h4 Rfb8 25.Re3 Qb5 26.Ra3 Ra8 27.Bf4 a5 28.Ne1 c4 29.Rc3 Rc8
30.Nd3 Ra4 31.Qc2 Bxh4 32.g3 Be7 33.Kg2 Ra3 34.Rxc4 Rxc4 35.Nxc4 Rb3 36.Nc1 Rb4
37.Nd6 Qb8 38.Nd3 Rb6 39.Qa4 g5 40.Be3 Rb3 41.Ba7 Qxa7 42.Qxb3 a4 43.Nc8 axb3
44.Nxa7 Ba3 45.Nb5 Bc1 46.g4 Kg7 47.Nc3 b2 48.Kf3 Kg6 49.Ke2 h5 50.Kd1 h4
51.Nxc1 bxc1=Q+ 52.Kxc1 f5 53.f3 h3 54.Nd1 h2 55.Nf2  1-0

[Event "16th Balaguer Open"]
[Site "Balaguer ESP"]
[Date "2011.07.25"]
[Round "9"]
[White "Arribas Robaina,M"]
[Black "Volodin,Alek"]
[Result "1/2-1/2"]
[WhiteElo "2292"]
[BlackElo "2523"]

1.e4 c5 2.Nf3 Nc6 3.Bb5 g6 4.O-O Bg7 5.c3 Nf6 6.e5 Nd5 7.Re1 O-O 8.d4 cxd4
9.Bxc6 dxc6 10.Qxd4 h6 11.Nbd2 Nc7 12.Qh4 g5 13.Qg3 Qd3 14.Ne4 Bf5 15.Nc5 Qd5
16.Nb3 Ne6 17.h4 f6 18.exf6 exf6 19.Be3 Rad8 20.Re2 Qc4 21.Rae1 Bd3 22.Rd2 Rfe8
23.hxg5 hxg5 24.Red1 b6 25.Nc1 Bf5 26.Rxd8 Rxd8 27.Rxd8+ Nxd8 28.Qb8 Qd5
29.Nd4 Bg6 30.c4 Qd7 31.Nxc6 Qxc6 32.Qxd8+ Kh7 33.b3 Qe4 34.Qd2 Qg4 35.f3 Qe6
36.Ne2 Bf8 37.Kf2 Qf5 38.Nd4 Qe5 39.Nb5 a6 40.Qd7+ Kh6 41.Nd4 Bd6 42.Qh3+ Kg7
43.Qd7+ Kh6 44.Qh3+ Kg7 45.Qd7+ Kh6 46.Ne2 Bd3  1/2-1/2

[Event "11th Condino Open"]
[Site "Condino ITA"]
[Date "2011.07.25"]
[Round "1"]
[White "Raselli,C"]
[Black "Tricerri,P"]
[Result "1-0"]
[WhiteElo "1930"]
[BlackElo "1508"]

1.e4 c5 2.Nf3 Nc6 3.Bb5 Nf6 4.Qe2 Qc7 5.O-O a6 6.Bxc6 Qxc6 7.e5 Nd5 8.d3 g6
9.c4 Nc7 10.d4 Bg7 11.d5 Qb6 12.Nc3 O-O 13.Bg5 Re8 14.Rfe1 d6 15.exd6 Qxd6
16.Ne4 Qb6 17.Be3 f5 18.Nxc5 Qxb2 19.Qxb2 Bxb2 20.Rab1 Bg7 21.Nxb7 Bxb7 22.Rxb7 Rac8
23.h3 Red8 24.Bf4 Rd7 25.c5 Rxd5 26.Bxc7 Rxc5 27.Rxe7 Bh6 28.Be5 Rc1+ 29.Kh2 R8c2
30.Rxh7 Bf8 31.Rh8+  1-0

[Event "2nd ch-Vojvodina"]
[Site "Novi Sad SRB"]
[Date "2011.07.25"]
[Round "3.8"]
[White "Peovic,M"]
[Black "Indjic,A"]
[Result "0-1"]
[WhiteElo "2227"]
[BlackElo "2373"]

1.e4 c5 2.Nf3 Nc6 3.Bb5 g6 4.O-O Bg7 5.Re1 Nf6 6.c3 O-O 7.h3 d6 8.d4 cxd4
9.cxd4 a6 10.Bf1 d5 11.e5 Ne4 12.Nc3 Nxc3 13.bxc3 Be6 14.Ng5 Qd7 15.f4 Rac8
16.Nxe6 fxe6 17.Rb1 Na5 18.Bd2 Nc4 19.Bxc4 Rxc4 20.Rb6 Bh6 21.g3 Rc7 22.h4 Bg7
23.g4 Qc8 24.Qb3 h6 25.g5 hxg5 26.hxg5 Kf7 27.Kf2 Rh8 28.Ke2 Rh3 29.Rc1 Qh8
30.Kd1 Qh5+ 31.Kc2 Qe2 32.Rxb7 Qd3+ 33.Kb2 Rxb7 34.Qxb7 Qxd2+ 35.Rc2 Qxf4
36.Qxa6 Rh2 37.a4 Rh8 38.Qb5 Rh1 39.Qe2 Rh8 40.Qb5 Ra8 41.Re2 Kg8 42.a5 Qf8
43.Ka3 Qc8 44.Rc2 Rb8 45.Qa4 Qb7 46.Qb4 Qc7 47.Qa4 Ra8  0-1

[Event "2nd ch-Vojvodina"]
[Site "Novi Sad SRB"]
[Date "2011.07.25"]
[Round "3.4"]
[White "Radlovacki,J"]
[Black "Ujhazi,I"]
[Result "1-0"]
[WhiteElo "2416"]
[BlackElo "2218"]

1.e4 c5 2.Nf3 Nc6 3.Bb5 g6 4.Bxc6 dxc6 5.d3 Bg7 6.h3 e5 7.Be3 b6 8.a4 a5
9.Nbd2 h6 10.Nc4 Qc7 11.b4 axb4 12.a5 b5 13.Nb6 Ra6 14.Bxc5 Ne7 15.Qb1 Be6
16.Qxb4 Nc8 17.O-O Bf8 18.Bxf8 Rxf8 19.Nxc8 Bxc8 20.Qc3 f6 21.d4 exd4 22.Nxd4 Rf7
23.Nb3 c5 24.Qe3 c4 25.Nd4 Qc5 26.c3 g5 27.Rfb1 Bd7 28.Qg3 Re7 29.Qb8+ Kf7
30.Qh8 f5 31.exf5 Qe5 32.Qxe5 Rxe5 33.g4 Kf6 34.Nc2 h5 35.Rd1 Ra7 36.Rd2 hxg4
37.hxg4 Be8 38.a6 Kf7 39.f3 Bc6 40.Kf2 Ba8 41.Rd8 Ke7 42.Rh8 Kd6 43.Rd1+ Kc5
44.Rd4 Bd5 45.Rxd5+ Rxd5 46.Rc8+ Kd6 47.Rd8+  1-0

[Event "XXXVII Open"]
[Site "Sitges ESP"]
[Date "2011.07.25"]
[Round "4"]
[White "Oratovsky,M"]
[Black "Karlsson,L"]
[Result "0-1"]
[WhiteElo "2521"]
[BlackElo "2482"]

1.e4 c5 2.Nf3 Nc6 3.Bb5 Nf6 4.Bxc6 bxc6 5.e5 Nd5 6.O-O g6 7.c4 Nc7 8.d4 cxd4
9.Qxd4 Ne6 10.Qh4 Ng7 11.Nd4 Nf5 12.Nxf5 gxf5 13.Nc3 h6 14.Be3 Rg8 15.c5 Rb8
16.b3 Qa5 17.Rac1 Rb4 18.f4 e6 19.Qf2 Be7 20.Rfd1 h5 21.Kh1 h4 22.h3 Rg3
23.Ne2 Rxe3 24.Qxe3 Re4 25.Qd2 Qxd2 26.Rxd2 Ba6 27.Nd4 Rxf4 28.b4 Bg5 29.Rcd1 Re4
30.Rb2 Be3 31.Nf3 Bf4 32.a4 Be2 33.Rg1 a6 34.Rgb1 Bg3 35.Rb3 Ke7 36.Rc1 Bc4
37.Rb2 Bd5 38.Kg1 Re3 39.Rd1 Rc3 40.b5 axb5 41.axb5 cxb5 42.Rxb5 Bc6 43.Rb4 Rc2
44.Rf1 Rxc5 45.Nxh4 Rxe5 46.Nf3 Re2 47.Rb3 Be4 48.Rd1 Bc2  0-1

[Event "4th Paleohora Open"]
[Site "Paleochora GRE"]
[Date "2011.07.26"]
[Round "8"]
[White "Faibisovich,V"]
[Black "Van Zutphen,J"]
[Result "1/2-1/2"]
[WhiteElo "2409"]
[BlackElo "2170"]

1.e4 c5 2.Nf3 Nc6 3.Bb5 g6 4.O-O Bg7 5.Bxc6 dxc6 6.d3 Bg4 7.h3 Bxf3 8.Qxf3 Nf6
9.Nc3 O-O 10.Be3 Nd7 11.Qe2 e5 12.Qd2 Qe7 13.a3 Rfd8 14.b4 cxb4 15.axb4 a6
16.Na4 Nf8 17.Bb6 Re8 18.Nc5 Nd7 19.Nxd7 Qxd7 20.Rad1 Bf8 21.c3 Rac8 22.Qe3 Qe6
23.Rfe1 Bd6 24.d4 exd4 25.Bxd4 Be5 26.Bxe5 Qxe5 27.Rd7 Re7 28.Red1 Qe6 29.Qd4 Qxd7
30.Qxd7 Rxd7 31.Rxd7 b5 32.Ra7 c5 33.Rxa6 cxb4 34.cxb4 Rc4 35.Rb6 Rxb4 36.e5 Rb1+
37.Kh2 b4 38.f4 b3 39.Kg3 b2 40.Kg4 h6 41.Rb7 Kf8 42.h4 Ke8 43.Kg3  1/2-1/2

[Event "5th AD San Juan Open"]
[Site "Pamplona ESP"]
[Date "2011.07.26"]
[Round "2"]
[White "Solodovnichenko,Y"]
[Black "Huerga Leache,M"]
[Result "1-0"]
[WhiteElo "2615"]
[BlackElo "2453"]

1.e4 c5 2.Nf3 Nc6 3.Bb5 a6 4.Bxc6 dxc6 5.d3 Qc7 6.Nbd2 e5 7.Nc4 Bd6 8.c3 Ne7
9.d4 cxd4 10.cxd4 Bb4+ 11.Ke2 f5 12.dxe5 fxe4 13.Ng5 Nd5 14.Nxe4 O-O 15.a3 Qf7
16.f3 Be7 17.Kf2 Qh5 18.Qd4 Bh4+ 19.Kg1 Rxf3 20.gxf3 Qxf3 21.Ng5 Bxg5 22.Bxg5 Bh3
23.Qf2 Qg4+ 24.Qg3 Qxc4 25.Qxh3 Qd4+ 26.Kg2 h6 27.Rhd1 Qxb2+ 28.Kh1 hxg5
29.Qe6+ Kh8 30.Qf5 Re8 31.Re1 Kg8 32.Qxg5 Qc3 33.Qg3 Qc2 34.Rac1 Qf5 35.Rc4 Re6
36.Rg4 g6 37.Rg5 Qc2 38.h4 Ne7 39.Qg4 Qb3 40.h5 Kg7 41.Kh2 Qa2+ 42.Re2 Qd5
43.Qf4 Nf5 44.Qxf5  1-0

[Event "TCh-POR 1st Div"]
[Site "Torres Vedras POR"]
[Date "2011.07.26"]
[Round "4.7"]
[White "Ulyanovskyy,Vi"]
[Black "Gomez Gomez,F"]
[Result "1/2-1/2"]
[WhiteElo "2307"]
[BlackElo "2129"]

1.e4 c5 2.Nf3 Nc6 3.Bb5 g6 4.O-O Bg7 5.c3 e5 6.Na3 Nge7 7.Nc2 O-O 8.Bxc6 dxc6
9.d4 cxd4 10.cxd4 Bg4 11.dxe5 Qxd1 12.Rxd1 Bxe5 13.Be3 Bxf3 14.gxf3 Rfd8
15.Rab1 b6 16.b3 Kf8 17.Kf1 Ke8 18.Ke2 Rxd1 19.Rxd1 Rd8 20.Rxd8+ Kxd8 21.h3 Kd7
22.Kd3 Nc8 23.a4 Nd6 24.a5 c5 25.axb6 axb6 26.f4 Bg7 27.e5 Nf5 28.b4 Kc6
29.bxc5 bxc5 30.Kc4 Nxe3+ 31.fxe3 f6 32.exf6 Bxf6 33.Ne1 g5 34.Nd3 gxf4 35.exf4 Bd4  1/2-1/2

[Event "TCh-POR 1st Div"]
[Site "Torres Vedras POR"]
[Date "2011.07.26"]
[Round "4.6"]
[White "Andrade,B"]
[Black "Vasconcellos,RF"]
[Result "1/2-1/2"]
[WhiteElo "2104"]
[BlackElo "2069"]

1.e4 c5 2.Nf3 Nc6 3.Bb5 e6 4.Bxc6 dxc6 5.O-O Ne7 6.d3 Ng6 7.Nc3 Bd6 8.Be3 O-O
9.d4 cxd4 10.Nxd4 Qc7 11.g3 Rd8 12.Qh5 b6 13.f4 Bc5 14.Rad1 Ba6 15.Rf2 Rd7
16.Qf3 Rad8 17.Rfd2 e5 18.Nb3 Rxd2 19.Rxd2 Rxd2 20.Nxc5 Be2 21.Nxe2 Rd1+
22.Kg2 bxc5 23.f5 Nf8 24.f6 Rd6 25.fxg7 Ne6 26.g4 Qe7 27.Ng3 Nxg7 28.Qe2 Qd7
29.h3 Rg6 30.Kh2 Ne6 31.Nh5 Nd4 32.Qf2 Qe7 33.c3 Ne6 34.Ng3 Qh4 35.Qf5 Qf6
36.Nh5 Qd8 37.g5 Qd1 38.Nf6+ Kf8 39.Bxc5+ Kg7 40.Ne8+ Kg8 41.Bf2 Qd2 42.Nf6+ Kf8
43.h4 Ke7 44.Ng4 Qf4+ 45.Kh3 Rg8 46.Nxe5 Qxf5+ 47.exf5 Nf4+ 48.Kg4 Nd5 49.Bc5+ Ke8
50.Bxa7 f6 51.Nxc6 Kd7 52.Nd4 Ra8 53.Nb5 fxg5 54.hxg5 Nc7 55.Nxc7 Rxa7 56.Nd5 Rxa2
57.b4 Kd6 58.Nf6 Ke5 59.Nxh7 Rg2+ 60.Kh5 Kxf5 61.Kh6 Rc2 62.g6 Rxc3 63.Kg7 Rc7+
64.Kh6 Rc4 65.b5 Rb4 66.Nf8 Kf6 67.Nd7+ Ke7 68.g7 Rh4+ 69.Kg5 Rh1 70.Ne5 Rg1+
71.Kh6 Kf6 72.Nd7+  1/2-1/2

[Event "2nd ch-Vojvodina"]
[Site "Novi Sad SRB"]
[Date "2011.07.28"]
[Round "6.4"]
[White "Lukovic,V"]
[Black "Bogosavljevic,B"]
[Result "0-1"]
[WhiteElo "2225"]
[BlackElo "2548"]

1.e4 c5 2.Nf3 Nc6 3.Bb5 d6 4.Bxc6+ bxc6 5.O-O e5 6.c3 Nf6 7.Re1 Bg4 8.h3 Bh5
9.d3 Be7 10.Nbd2 O-O 11.Nf1 Nd7 12.Ng3 Bg6 13.d4 cxd4 14.cxd4 Re8 15.dxe5 dxe5
16.Qc2 Qc7 17.Be3 f6 18.Rac1 Rec8 19.Nd2 Bf7 20.Ne2 Qa5 21.a3 Qa6 22.Nc3 Rab8
23.Qa4 Qb7 24.Rc2 Nc5 25.Bxc5 Bxc5 26.Nc4 h5 27.Rec1 Kh7 28.Ne2 Bf8 29.Ng3 c5
30.f3 Rd8 31.Nf5 a6 32.Nfe3 Qb5 33.Qa5 Rd3 34.Qe1 Rbd8 35.Rc3 R3d4 36.g4 Rd3
37.Rxd3 Rxd3 38.Rc3 Rd4 39.gxh5 Bxc4 40.Nxc4 Rxc4 41.Qg3 Rd4  0-1

[Event "2nd ch-Vojvodina"]
[Site "Novi Sad SRB"]
[Date "2011.07.28"]
[Round "7.4"]
[White "Radlovacki,J"]
[Black "Indjic,A"]
[Result "1/2-1/2"]
[WhiteElo "2416"]
[BlackElo "2373"]

1.e4 c5 2.Nf3 Nc6 3.Bb5 g6 4.Bxc6 dxc6 5.d3 Nf6 6.h3 Bg7 7.O-O O-O 8.Be3 c4
9.Nc3 cxd3 10.cxd3 b6 11.d4 Bb7 12.Qc2 Rc8 13.Rad1 Qc7 14.Rfe1 Rfd8 15.Qc1 Qd7
16.Bh6 Qe8 17.Bxg7 Kxg7 18.Qf4 Nd7 19.Rd2 Nf8 20.Red1 f6 21.h4 c5 22.d5 e5
23.Qe3 Rd6 24.a3 a6 25.Rc2 Nd7 26.Nd2 b5 27.a4 Rb6 28.b3 h6 29.Qh3 Rb8 30.axb5 axb5
31.Nf1 Bc8 32.Ne3 h5 33.Ra1 c4 34.bxc4 b4 35.Nb5 Nc5 36.Ra7+ Kg8 37.Qf3 b3
38.Rb2 Bd7 39.Nc3 Ra8 40.Rxa8 Qxa8 41.Ned1 Qa3 42.Qe3 Qb4 43.Rd2 Ra6 44.Nb2 Ra1+
45.Kh2 Rc1 46.Ne2 Rf1 47.f3 Kg7 48.Qc3 Qa3 49.Ng3 Rb1 50.Qe3 Qa5 51.f4 exf4
52.Qxf4 Re1 53.Rf2 Qc3 54.Qd6 Qd4 55.Qe7+ Kg8 56.Qxf6 Qxf6 57.Rxf6 Kg7 58.Rf1 Re3
59.Rf3 Re1 60.Rf1 Re3 61.Rf3  1/2-1/2

[Event "98th ch-GBR"]
[Site "Sheffield ENG"]
[Date "2011.07.28"]
[Round "4.18"]
[White "Arnott,J"]
[Black "Pert,N"]
[Result "0-1"]
[WhiteElo "2188"]
[BlackElo "2555"]

1.e4 c5 2.Nf3 Nc6 3.Bb5 g6 4.Bxc6 dxc6 5.d3 Bg7 6.h3 Nf6 7.Nc3 O-O 8.Be3 b6
9.O-O e5 10.Qd2 Qd6 11.Bh6 Nh5 12.Ne2 f6 13.g4 Bxh6 14.Qxh6 Ng7 15.Nh4 a5
16.Ng2 Ra7 17.f4 c4 18.dxc4 exf4 19.Qxf4 Qc5+ 20.Qe3 Qxe3+ 21.Nxe3 Re7 22.Ng3 Ne6
23.Nd1 Ng5 24.Nf2 Nf3+ 25.Kg2 Nd2 26.Rfe1 Nxc4 27.b3 Ne5 28.Rad1 Nf7 29.c4 Rfe8
30.Rd3 c5 31.Red1 Re6 32.Kg1 Kg7 33.Kg2 R8e7 34.R3d2 Bb7 35.Rd7 Bc6 36.Rxe7 Rxe7
37.h4 Ne5 38.Nf1 Nf7 39.Ng3 a4 40.bxa4 Ne5 41.a5 Nxc4 42.Rb1 b5 43.a6 Ra7
44.g5 Rxa6 45.gxf6+ Kxf6  0-1

[Event "XXXVII Open"]
[Site "Sitges ESP"]
[Date "2011.07.29"]
[Round "8"]
[White "Delgado Ramos,H"]
[Black "Karlsson,L"]
[Result "1-0"]
[WhiteElo "2488"]
[BlackElo "2482"]

1.e4 c5 2.Nf3 Nc6 3.Bb5 Nf6 4.Nc3 Nd4 5.e5 Nxb5 6.Nxb5 Nd5 7.O-O a6 8.Nc3 Nxc3
9.dxc3 e6 10.Ng5 h6 11.Qh5 g6 12.Qh3 Bg7 13.Ne4 Bxe5 14.f4 d5 15.fxe5 dxe4
16.Be3 Qe7 17.b4 cxb4 18.cxb4 Bd7 19.Bc5 Qg5 20.Rad1 O-O-O 21.Bb6 Bc6 22.Bxd8 Rxd8
23.Rxd8+ Qxd8 24.Qe3 Qd5 25.Rxf7 Qd1+ 26.Rf1 Qxc2 27.Qd4 Qd3 28.Rd1 Qxd4+
29.Rxd4 Bd5 30.a3 Kc7 31.Kf2 Kc6 32.a4 b6 33.Ke3 a5 34.g3 g5 35.h4 gxh4 36.gxh4 h5
37.Kd2 axb4 38.Rxb4 Kc5 39.Rb5+ Kc6 40.Ke3 Bc4 41.Rb2 Bd5 42.Kd4 Kc7 43.Rb1 Bc6
44.Ra1 Kb7 45.a5 bxa5 46.Rxa5 Kc7 47.Ra7+ Bb7 48.Ra3 Bd5 49.Rg3 Kd7 50.Rg5  1-0

[Event "11th Condino Open"]
[Site "Condino ITA"]
[Date "2011.07.30"]
[Round "7"]
[White "Raselli,C"]
[Black "Menichini,M"]
[Result "1-0"]
[WhiteElo "1930"]
[BlackElo "1791"]

1.e4 c5 2.Nf3 Nc6 3.Bb5 d6 4.O-O e5 5.c3 Nf6 6.d4 cxd4 7.cxd4 Qb6 8.Nc3 Bd7
9.Bxc6 Bxc6 10.dxe5 dxe5 11.Nxe5 Rd8 12.Qe2 Be7 13.Be3 Qc7 14.Nxc6 bxc6 15.Qa6 O-O
16.Qxa7 Qe5 17.f4 Qe6 18.Bc5 Bxc5+ 19.Qxc5 Nxe4 20.Nxe4 Qxe4 21.Rae1 Qa4
22.a3 Rd5 23.Qc3 Rfd8 24.Re5 Qa7+ 25.Qe3 Qd7 26.Rxd5 cxd5 27.Qd4 Qb5 28.Re1 Qa5
29.b4 Qb5 30.f5 Ra8 31.f6 gxf6 32.Re3 Qc6 33.Rg3+ Kh8 34.Rc3 Qe6 35.Re3 Qc6
36.Qc3 Qd6 37.Qd4 Rc8 38.Rc3 Re8 39.Rc1 Re4 40.Qc5 Qxc5+ 41.bxc5 Ra4 42.c6 Ra8
43.c7 Rc8 44.Kf2 Kg7 45.Ke3 Kf8 46.Kd4 Ke7 47.Kxd5 Kd7 48.a4 f5 49.Ke5 f4
50.Kxf4 Kd6 51.a5 f5 52.a6  1-0

[Event "2nd ch-Vojvodina"]
[Site "Novi Sad SRB"]
[Date "2011.07.30"]
[Round "9.9"]
[White "Kislik,E"]
[Black "Ujhazi,I"]
[Result "0-1"]
[WhiteElo "2328"]
[BlackElo "2218"]

1.e4 c5 2.Nf3 Nc6 3.Bb5 g6 4.Bxc6 dxc6 5.d3 Bg7 6.h3 e5 7.Be3 b6 8.Nc3 Ne7
9.Qd2 h6 10.O-O-O Be6 11.Nh2 Qd7 12.f4 exf4 13.Bxf4 g5 14.Bg3 f5 15.Nf3 O-O-O
16.exf5 Nxf5 17.Bh2 Rhe8 18.Ne5 Bxe5 19.Bxe5 Kb7 20.Rhe1 Bd5 21.Qf2 Rf8 22.Qg1 Nh4
23.Rd2 Rf5 24.Bg3 Ng6 25.Rde2 Rdf8 26.a4 Ka6 27.b3 h5 28.Kd2 h4 29.Bh2 R8f7
30.a5 Nf4 31.axb6 axb6 32.Re8 Kb7 33.Na4 Be6 34.R1xe6 Nxe6 35.Rb8+ Ka7 36.Nxb6 Rf2+
37.Ke1 Rf1+ 38.Qxf1 Rxf1+ 39.Kxf1 Qf7+ 40.Ke1 Nf4 41.Bxf4 Qxf4 42.Nd7 Qc7
43.Re8 Qxd7 44.Re4 Qg7 45.Ke2 Kb6 46.Rg4 Qc3 47.Rc4 Qe5+ 48.Re4 Qa1 49.Kd2 Kb5
50.Rg4 Qf6 51.Ke2 Qc3 52.Kd1 Qa1+ 53.Kd2 Qf1 54.Kc3 Qf6+ 55.Kd2 c4 56.bxc4+ Kb4
57.c5+ Kxc5 58.Ke2 Kb5 59.Kd2 c5 60.Ke2 Qc3 61.Kd1 Qa1+ 62.Kd2 Qf1 63.Kc3 Qe1+
64.Kb3 Qe3 65.Kc3 Kc6 66.Re4 Qc1 67.Rg4 Kd5 68.Rc4 Qf1 69.Rg4 Qe1+ 70.Kb3 Qd2
71.Kb2 Kc6 72.Kb3 Kb5 73.Kb2 Kc6 74.Kb3 Kd5 75.Kb2 c4 76.dxc4+ Kc5 77.Kb3 Qb4+
78.Ka2 Qc3 79.Kb1 Kb4 80.Kc1 Qe1+ 81.Kb2 Qe5+ 82.Kc1 Kc3 83.Kd1 Qe3  0-1

[Event "2nd ch-Vojvodina"]
[Site "Novi Sad SRB"]
[Date "2011.07.30"]
[Round "9.11"]
[White "Peovic,M"]
[Black "Mujagic,R"]
[Result "1-0"]
[WhiteElo "2227"]
[BlackElo "2271"]

1.e4 c5 2.Nf3 Nc6 3.Bb5 g6 4.O-O Bg7 5.Re1 Nf6 6.c3 O-O 7.h3 a6 8.Bf1 d6
9.d4 e5 10.dxc5 dxc5 11.Qc2 h6 12.a4 Be6 13.Nbd2 Qc7 14.Nc4 Bxc4 15.Bxc4 Na5
16.Nd2 Rfd8 17.b3 Rab8 18.Bf1 b5 19.axb5 axb5 20.Ba3 Bf8 21.Rad1 c4 22.Bxf8 cxb3
23.Nxb3 Kxf8 24.Nxa5 Qxa5 25.Qb3 Kg7 26.Ra1 Qb6 27.Ra2  1-0

[Event "2nd ch-Vojvodina"]
[Site "Novi Sad SRB"]
[Date "2011.07.30"]
[Round "9.8"]
[White "Cabarkapa,N"]
[Black "Indjic,A"]
[Result "0-1"]
[WhiteElo "2177"]
[BlackElo "2373"]

1.e4 c5 2.Nf3 Nc6 3.Bb5 g6 4.O-O Bg7 5.Re1 Nf6 6.e5 Nd5 7.Nc3 Nc7 8.Bxc6 dxc6
9.Ne4 Ne6 10.d3 O-O 11.c3 b6 12.d4 cxd4 13.cxd4 Bb7 14.b3 Qd7 15.Bb2 Rfd8
16.Qe2 c5 17.dxc5 Nf4 18.Qe3 Qg4 19.g3 Nh3+ 20.Kg2 Rd3  0-1

[Event "2nd ch-Vojvodina"]
[Site "Novi Sad SRB"]
[Date "2011.07.30"]
[Round "9.15"]
[White "Gazic,J"]
[Black "Lukajic,B"]
[Result "1-0"]
[WhiteElo "2271"]
[BlackElo "2111"]

1.e4 c5 2.Nf3 Nc6 3.Bb5 g6 4.O-O Bg7 5.Nc3 e5 6.d3 Nge7 7.Bg5 O-O 8.Bc4 d6
9.Nd5 h6 10.Bh4 g5 11.Bg3 Bg4 12.Ne3 Bh5 13.h3 Nd4 14.Ng4 b5 15.Bb3 Nxb3
16.axb3 f5 17.exf5 Nxf5 18.Nfh2 Kh8 19.Ra6 Qc8 20.Qa1 Rf7 21.Ne3 Nxe3 22.fxe3 Rxf1+
23.Nxf1 Qc7 24.e4 c4 25.bxc4 bxc4 26.Ne3 cxd3 27.cxd3 Be2 28.Nd5 Qc2 29.Rxa7 Rf8
30.Ra8 Bxd3 31.Rxf8+ Bxf8 32.Qa8 Qd1+ 33.Kh2 Qf1 34.Ne3 Qf7 35.Nf5 Qf6 36.Qd5 Bc2
37.b4 h5 38.b5 h4 39.Bf2 Qg6 40.b6 g4 41.b7 g3+ 42.Bxg3 hxg3+ 43.Nxg3 Qe8
44.Qc4  1-0

[Event "ch-AUT"]
[Site "Linz AUT"]
[Date "2011.07.31"]
[Round "9"]
[White "Loidl,F"]
[Black "Holzmann,H"]
[Result "1-0"]
[WhiteElo "2174"]
[BlackElo "2127"]

1.e4 c5 2.Nf3 Nc6 3.Bb5 e6 4.O-O Nge7 5.Re1 a6 6.Bxc6 Nxc6 7.d4 cxd4 8.Nxd4 Bc5
9.Nxc6 dxc6 10.Qxd8+ Kxd8 11.Be3 Bxe3 12.Rxe3 e5 13.Nc3 b5 14.a4 b4 15.Na2 a5
16.Nc1 f6 17.Nb3 Kc7 18.Rg3 Rg8 19.c3 Be6 20.Nc5 Bf7 21.Rd1 Ra7 22.h4 Kc8
23.Kh2 Re7 24.cxb4 axb4 25.a5 Ra7 26.a6 Kc7 27.Rd7+ Kb6 28.Rb7+ Rxb7 29.axb7 Kxc5
30.Rxg7 Rb8 31.Rxf7 Kc4 32.Rxh7 Kb3 33.h5 c5 34.h6 c4 35.Rc7 Kxb2 36.h7 c3
37.Rc8 Rxb7 38.h8=Q c2 39.Rxc2+ Kxc2 40.Qc8+  1-0

[Event "16th Creon Open"]
[Site "Creon FRA"]
[Date "2011.08.01"]
[Round "1.23"]
[White "Safranska,A"]
[Black "Marty,Brice"]
[Result "1-0"]
[WhiteElo "2230"]
[BlackElo "1950"]

1.e4 c5 2.Nf3 Nc6 3.Bb5 d6 4.h3 Bd7 5.c3 Nf6 6.Qe2 a6 7.Ba4 b5 8.Bc2 Qc7
9.a4 b4 10.O-O e6 11.d4 cxd4 12.cxd4 Qb7 13.b3 Be7 14.Nbd2 O-O 15.Bb2 Rac8
16.Rac1 Nh5 17.d5 Nb8 18.dxe6 Nf4 19.exf7+ Rxf7 20.Qe3 Bxh3 21.gxh3 Qd7 22.Bd1 Rcf8
23.Nh2 Nxh3+ 24.Kh1 Bg5 25.Qd3 Bxd2 26.Qxd2 Nxf2+ 27.Rxf2 Rxf2 28.Qd5+ Kh8
29.Qd4 Qf7 30.Bg4 Qg6 31.Qxf2  1-0

[Event "IRT Jose Rubinstein"]
[Site "Villa Martelli ARG"]
[Date "2011.08.01"]
[Round "1.3"]
[White "Gallego,G"]
[Black "Frei,A"]
[Result "1-0"]
[WhiteElo "2179"]
[BlackElo "1747"]

1.e4 c5 2.Nf3 Nc6 3.Bb5 a6 4.Bxc6 bxc6 5.O-O g6 6.Re1 Bg7 7.d3 Rb8 8.c3 d6
9.Qa4 Qb6 10.Na3 Bd7 11.Nc4 Qb5 12.Qc2 a5 13.Bf4 Qa6 14.e5 d5 15.e6 Bxe6
16.Bxb8 dxc4 17.dxc4 Bxc4 18.Be5 Nf6 19.Rad1 O-O 20.b3 Bd5 21.Nd2 Qc8 22.c4 Be6
23.Nb1 Qb7 24.Nc3 Nd7 25.Bxg7 Kxg7 26.Na4 Qa7 27.Qd3 Nf6 28.Qe3 Nd7 29.Rd2 Kg8
30.Red1 Re8 31.h3 h5 32.Qg5 Kg7 33.f3 Bf5 34.g4 hxg4 35.hxg4 Be6 36.Rh2 Qc7
37.Qh6+ Kf6 38.Qh4+ Kg7 39.g5 f6 40.Qh6+ Kf7 41.Qh7+ Kf8 42.Qxg6 Qg3+ 43.Rg2 Qxf3
44.Qh6+ Kg8 45.gxf6+ Bg4 46.Qg7+  1-0

[Event "50th World Juniors"]
[Site "Chennai IND"]
[Date "2011.08.02"]
[Round "1.42"]
[White "Priyadharshan,K"]
[Black "Zulfic,F"]
[Result "1-0"]
[WhiteElo "2376"]
[BlackElo "2098"]

1.e4 c5 2.Nf3 Nc6 3.Bb5 e6 4.O-O Nge7 5.c3 a6 6.Ba4 b5 7.Bc2 d5 8.Qe2 Bb7
9.Rd1 d4 10.e5 Nd5 11.g3 Ndb4 12.cxb4 Nxb4 13.Be4 d3 14.Qe3 Nc2 15.Bxb7 Nxe3
16.dxe3 Rb8 17.Bc6+ Ke7 18.a4 Qb6 19.axb5 axb5 20.Be4 c4 21.Nd4 f5 22.Bc6 Rd8
23.Bf3 Kf7 24.Nc3 b4 25.Na4 Qc7 26.Bd2 Rb8 27.Rdc1 Be7 28.Nc6 c3 29.bxc3 b3
30.Nxb8 Rxb8 31.Nb2 Qxe5 32.Ra7 Kf6 33.Rca1 Bb4 34.Nxd3 Qd6 35.Bg2 Bc5 36.R7a4 e5
37.Ra6 Rb6 38.Nxc5 b2 39.Nd7+ Ke7 40.Nxb6 bxa1=Q+ 41.Rxa1 Qxd2 42.Ra7+ Kf6
43.Bf1 f4 44.Ra6 Kf5 45.exf4 exf4 46.c4 fxg3 47.hxg3 h5 48.Nd5 h4 49.Ne3+ Kg5
50.f4+  1-0

[Event "50th World Juniors"]
[Site "Chennai IND"]
[Date "2011.08.03"]
[Round "2.24"]
[White "Hovhannisyan,R"]
[Black "Rajesh,VA"]
[Result "1/2-1/2"]
[WhiteElo "2556"]
[BlackElo "2292"]

1.e4 c5 2.Nf3 Nc6 3.Bb5 g6 4.Bxc6 dxc6 5.h3 Bg7 6.d3 e5 7.Be3 Qe7 8.Qd2 Nf6
9.Qc3 Nd7 10.a4 a5 11.Nbd2 b6 12.Nc4 Rb8 13.Qd2 f6 14.Bh6 Ba6 15.Nd6+ Kd8
16.Bxg7 Qxg7 17.Qc3 Kc7 18.Nc4 Nf8 19.Nxa5 bxa5 20.Qxc5 Rb6 21.O-O Ne6 22.Qxa5 Qe7
23.b3 Qb4 24.Qxb4 Rxb4 25.g3 c5 26.Ne1 Kd6 27.Ng2 f5 28.exf5 gxf5 29.Ne3 Nd4
30.f4 exf4 31.gxf4 Ne2+ 32.Kh2 Rxf4 33.Nxf5+ Ke5 34.Rxf4 Nxf4 35.Nh6 Rf8
36.Re1+ Kd6 37.Ng4 Ne6 38.Re5 Nd4 39.Rh5 Rf7 40.Rh6+ Ne6 41.Nf6 Bc8 42.Ne4+ Ke7
43.Rh5 Bb7 44.Nxc5 Rf2+ 45.Kg1 Rg2+ 46.Kf1 Nxc5 47.Rxc5 Kd6 48.b4 Rh2 49.a5 Rxh3
50.Rb5 Kc7 51.Rc5+ Kd6 52.d4 Ra3 53.c4 Be4 54.Kf2 Bd3 55.d5 Rb3 56.Rc6+ Kd7
57.b5 Bxc4 58.Rxc4 Rxb5 59.a6 Rxd5 60.Ra4 Rf5+ 61.Ke3 Rf8 62.a7 Ra8 63.Rh4 Kc7
64.Rxh7+ Kb6 65.Kd4 Rxa7 66.Rxa7 Kxa7  1/2-1/2

[Event "Politiken Cup"]
[Site "Helsingor DEN"]
[Date "2011.08.03"]
[Round "6.30"]
[White "Larsen,Ka"]
[Black "Nielsen,Mi2"]
[Result "1-0"]
[WhiteElo "2323"]
[BlackElo "2170"]

1.e4 c5 2.Nf3 Nc6 3.Bb5 e6 4.O-O Nge7 5.Re1 Nd4 6.Nxd4 cxd4 7.d3 a6 8.Ba4 b5
9.Bb3 Nc6 10.Bf4 d6 11.a3 Qf6 12.Bg3 h5 13.h3 Qg6 14.Nd2 Be7 15.a4 h4 16.Bh2 b4
17.Nc4 e5 18.Kh1 Rb8 19.f4 Qh5 20.Qd2 g5 21.fxe5 g4 22.exd6 Bg5 23.Bf4 gxh3
24.d7+ Kxd7 25.Bxg5 hxg2+ 26.Qxg2 h3 27.Qg3 Rg8 28.Qd6+ Ke8 29.Qxc6+ Bd7
30.Qf6 Rxg5 31.Nd6+ Kf8 32.Bxf7 Rf5 33.Qxf5  1-0

[Event "Winsoft Cup IM1"]
[Site "Olomouc CZE"]
[Date "2011.08.03"]
[Round "1.2"]
[White "Wiley,To"]
[Black "Yuffa,D"]
[Result "1-0"]
[WhiteElo "2306"]
[BlackElo "2302"]

1.e4 c5 2.Nf3 Nc6 3.Bb5 d6 4.Bxc6+ bxc6 5.O-O Bg4 6.d3 g6 7.Nbd2 Nf6 8.h3 Bxf3
9.Nxf3 Nd7 10.Re1 Bg7 11.c3 Qb6 12.Re2 O-O 13.Bg5 Bf6 14.Bxf6 exf6 15.Qd2 Kg7
16.Nh2 Rfe8 17.Ng4 h5 18.Qh6+ Kg8 19.Ne3 Qd8 20.f4 Qe7 21.Nf5 gxf5 22.Re3 h4
23.Qxh4 Qe6 24.Qh6 Nf8 25.Rg3+ Ng6 26.h4 fxe4 27.h5 Qf5 28.hxg6 fxg6 29.Rxg6+ Kf7
30.Rg7+ Ke6 31.dxe4 Qxe4 32.Qh3+ Kd5 33.c4+ Qxc4 34.Qf5+ Kd4 35.Rd1+ Ke3
36.Rg3+  1-0

[Event "98th ch-GBR"]
[Site "Sheffield ENG"]
[Date "2011.08.03"]
[Round "9.13"]
[White "Arnott,J"]
[Black "Buckley,G"]
[Result "0-1"]
[WhiteElo "2188"]
[BlackElo "2380"]

1.e4 c5 2.Nf3 Nc6 3.Bb5 g6 4.Bxc6 dxc6 5.d3 Bg7 6.h3 b6 7.Nc3 f6 8.Be3 e5
9.Qd2 Be6 10.a3 Qc7 11.O-O Ne7 12.b4 c4 13.d4 O-O-O 14.Rfd1 f5 15.Bh6 Bxh6
16.Qxh6 fxe4 17.Nxe5 Nf5 18.Qf4 Rxd4 19.Rxd4 Nxd4 20.Qxe4 Rd8 21.Nf3 Bf5
22.Qh4 Qg7 23.Nxd4 Qxd4 24.Qxd4 Rxd4 25.Rd1 Rxd1+ 26.Nxd1 Bxc2 27.Nc3 a5
28.f4 b5 29.Kf2 Kb7 30.Ke3 c5 31.bxc5 Kc6 32.Kd4 b4 33.axb4 axb4 34.Nd5 b3
35.Kxc4 b2 36.Nc3 b1=Q 37.Nxb1 Bxb1 38.Kd4 Kd7 39.Ke5 Ke7 40.g4 Bd3 41.c6 Bb5
42.f5 g5 43.c7 Ba6 44.Kd5 Bb7+ 45.Ke5 h6 46.h4 gxh4 47.Kf4 Kf6 48.Ke3 Kg5
49.Kf2 Bc8 50.Kg2 h5 51.gxh5 Bxf5 52.Kh2 Kxh5 53.Kg2 Kg4 54.Kh2 h3 55.Kh1 Kg3  0-1